000
00270pab a2200109 454500
008
180718b xxu||||| |||| 00| 0 eng d
100
_a
Lall, John
245
_a
Civil service - missing professionalism
650
_a
Civil Service
773
_a
Hindustan Times
909
_a
24034
999
_c
24034
_d
24034